INDIRA : INDIA'S MOST POERFUL PRIME MINISTER (Record no. 25865)

MARC details
000 -LEADER
fixed length control field 00355nam a22001457a 4500
003 - CONTROL NUMBER IDENTIFIER
control field SGT
020 ## - INTERNATIONAL STANDARD BOOK NUMBER
International Standard Book Number 9789386228345
082 ## - DEWEY DECIMAL CLASSIFICATION NUMBER
Classification number 923.154
Item number I17G
100 ## - MAIN ENTRY--PERSONAL NAME
Personal name GHOSE, SAGARIKA
245 ## - TITLE STATEMENT
Title INDIRA : INDIA'S MOST POERFUL PRIME MINISTER
260 ## - PUBLICATION, DISTRIBUTION, ETC. (IMPRINT)
Place of publication, distribution, etc INDIA
Name of publisher, distributor, etc JUGGERNAUT PUB.
Year of Publication 2017
300 ## - PAGE DESCRIPTION
No. of Pages 342
650 ## - SUBJECT ADDED ENTRY--TOPICAL TERM
Topical term or geographic name as entry element PRIME MINISTER OF INDIA
942 ## - ADDED ENTRY ELEMENTS (KOHA)
Source of classification or shelving scheme Dewey Decimal Classification
Koha item type Books
Holdings
Withdrawn status Lost status Source of classification or shelving scheme Damaged status Not for loan Home library Current library Shelving location Date acquired Vendor Name SGTU Total Checkouts Full call number Accession No. (Barcode) Date last seen Bill Date Koha item type
    Dewey Decimal Classification   Not For Loan SGT Chancellor's Library SGT Chancellor's Library Reference Book 15/04/2024 SGT CHANCELLOR'S COLLECTION SGTU   923.154 I17G CH23 15/04/2024 15/04/2024 Books